<?xml version="1.0" encoding="UTF-8"?>
<record
    xmlns:xsi="http://www.w3.org/2001/XMLSchema-instance"
    xsi:schemaLocation="http://www.loc.gov/MARC21/slim http://www.loc.gov/standards/marcxml/schema/MARC21slim.xsd"
    xmlns="http://www.loc.gov/MARC21/slim">

  <leader>05435nam a2200421 a 4500</leader>
  <controlfield tag="003">CHAP</controlfield>
  <controlfield tag="005">20240530111452.0</controlfield>
  <controlfield tag="007">ta</controlfield>
  <controlfield tag="008">230705s2021    mx ado|fsm|j||001 0 spa d</controlfield>
  <datafield tag="040" ind1=" " ind2=" ">
    <subfield code="e">rda</subfield>
  </datafield>
  <datafield tag="041" ind1=" " ind2=" ">
    <subfield code="a">spa</subfield>
    <subfield code="b">eng</subfield>
  </datafield>
  <datafield tag="100" ind1="1" ind2=" ">
    <subfield code="9">136106</subfield>
    <subfield code="a">Corona P&#xE9;rez, Alejandra Cristina</subfield>
  </datafield>
  <datafield tag="240" ind1="1" ind2="0">
    <subfield code="a">Ozonation for microbiological stability, physicochemical and nutraceutical quality of Agave salmiana mead.</subfield>
    <subfield code="l">Espa&#xF1;ol</subfield>
  </datafield>
  <datafield tag="245" ind1="1" ind2="0">
    <subfield code="a">Ozonizaci&#xF3;n para la estabilidad microbiol&#xF3;gica, calidad fisicoqu&#xED;mica y nutrac&#xE9;utica de aguamiel de Agave salmiana / </subfield>
    <subfield code="c">Alejandra Cristina Corona P&#xE9;rez</subfield>
  </datafield>
  <datafield tag="264" ind1=" " ind2=" ">
    <subfield code="a">Chapingo, M&#xE9;xico :</subfield>
    <subfield code="b">El autor,</subfield>
    <subfield code="c">2021</subfield>
  </datafield>
  <datafield tag="300" ind1=" " ind2=" ">
    <subfield code="a">1 recurso en l&#xED;nea (xvi, 97 p&#xE1;ginas) :</subfield>
    <subfield code="b">ilustraciones, gr&#xE1;ficas, diaagramas, tablas, fotos</subfield>
  </datafield>
  <datafield tag="336" ind1=" " ind2=" ">
    <subfield code="2">rdacontent</subfield>
    <subfield code="a">texto</subfield>
    <subfield code="b">txt</subfield>
  </datafield>
  <datafield tag="337" ind1=" " ind2=" ">
    <subfield code="2">rdamedia</subfield>
    <subfield code="a">computadora</subfield>
    <subfield code="b">c</subfield>
  </datafield>
  <datafield tag="338" ind1=" " ind2=" ">
    <subfield code="2">rdacarrier</subfield>
    <subfield code="a">recurso en l&#xED;nea</subfield>
    <subfield code="b">cr</subfield>
  </datafield>
  <datafield tag="502" ind1=" " ind2=" ">
    <subfield code="a">Tesis</subfield>
    <subfield code="b">MCTA</subfield>
    <subfield code="c">Agroindustrias</subfield>
    <subfield code="d">2021</subfield>
  </datafield>
  <datafield tag="504" ind1=" " ind2=" ">
    <subfield code="a">Incluye bibliograf&#xED;as</subfield>
  </datafield>
  <datafield tag="520" ind1="3" ind2=" ">
    <subfield code="a">La savia de A. salmiana (aguamiel) cuenta con atributos nutricionales, nutrac&#xE9;uticos y alto contenido de carbohidratos, que permiten el desarrollo de un consorcio de microorganismos y hace esta bebida altamente perecedera. El uso de tecnolog&#xED;as emergentes ha mostrado la disminuci&#xF3;n de microorganismos y preservaci&#xF3;n de compuestos bioactivos. El objetivo de este estudio fue evaluar el efecto de la aplicaci&#xF3;n de ozono sobre la estabilidad microbiol&#xF3;gica, fisicoqu&#xED;mica y nutrac&#xE9;utica de aguamiel. Mediante un modelo de regresi&#xF3;n lineal se compar&#xF3; el uso de placas 3M-PETRIFILM&#xAE; contra el m&#xE9;todo convencional. Ello, para validar su equivalencia y elegir el mejor m&#xE9;todo en el recuento de microorganismos en aguamiel. Se evalu&#xF3; el efecto de 0 (testigo), 3, 6, 9 y 12 min de aplicaci&#xF3;n de ozono en muestras de aguamiel y almacenado durante 12 h a temperatura ambiente. Posteriormente, se evalu&#xF3; el efecto de los mejores tratamientos de ozono y se les aplic&#xF3; una reozonizaci&#xF3;n a las 48 h de tiempo de almacenamiento, hasta acumular 72 h en almacenamiento. Se us&#xF3; un modelo mixto con dise&#xF1;o en bloques completos aleatorios y el m&#xE9;todo de Tukey-Kramer (&#x3B1;=0.05). Se aplic&#xF3; el m&#xE9;todo convencional, dado que las placas 3M-PETRIFILM&#xAE; sobreestimaron el conteo de microorganismos en aguamiel. El efecto de 12 min permiti&#xF3; mayor reducci&#xF3;n de la poblaci&#xF3;n total de microorganismos (PTM) durante 12 h (7.26 a 6.85 log10mL-1). En la vida de anaquel, el ozono conserv&#xF3; una baja PTM (6.35 log10mL-1) y actividad antioxidante (AA) con respecto al testigo. A mayor tiempo de almacenamiento, el pH, los SST, la concentraci&#xF3;n de compuestos fen&#xF3;licos solubles totales (CF) y AA, disminuyeron. La reozonizaci&#xF3;n redujo la AA del aguamiel. La aplicaci&#xF3;n del ozono logr&#xF3; mantener una baja PTM con respecto al testigo durante 48 h, sin embargo, no conserv&#xF3; las propiedades fisicoqu&#xED;micas y nutrac&#xE9;uticas del aguamiel.</subfield>
  </datafield>
  <datafield tag="520" ind1="3" ind2=" ">
    <subfield code="a">The sap of A. salmiana (mead) has nutritional attributes, nutraceutical and high carbohydrate content, which allow the development of a consortium of microorganisms and make this beverage highly perishable. The use of emerging technologies has shown the reduction of microorganisms and preservation of bioactive compounds. The objective of this study was to evaluate the effect of ozone application on the microbiological, physicochemical and nutraceutical stability of mead. A linear regression model was used to compare the use of 3M-PETRIFILM&#xAE; plates versus the conventional method; mainly to validate the methods equivalence and to choose the best one for microorganism counting in mead. Then, the effect of 0 (control), 3, 6, 9 and 12 min of ozone application on mead samples was evaluated after 12 h of storage at room temperature. Subsequently, the effect of the best ozone treatments was chosen and a reozonization was applied after 48 h of storage, then the mead was storage to complete 72 h. A mixed model with a randomized complete block design and the Tukey-Kramer method (&#x3B1;=0.05) were used. The conventional method was selected because the 3M-PETRIFILM&#xAE; plates overestimated the count of microorganisms in the mead. The 12 min treatment had the maximum reduction of the total population of microorganisms (MTP) during 12 h (7.26 to 6.85 log10mL-1). The mead with the ozone treatment retained a low MTP (6.35 log10mL-1) and antioxidant activity (AA) compared to the control during the shelf life. An increment of the storage time of the mead decreased the pH, TSS, the concentration of total soluble phenolic compounds (CF) and AA. The application of ozone keeps a low MTP with respect to the control for 48 h; however, the physicochemical and nutraceutical properties of the mead were lost.</subfield>
  </datafield>
  <datafield tag="650" ind1="1" ind2="3">
    <subfield code="9">1106</subfield>
    <subfield code="a">Agave salmiana</subfield>
  </datafield>
  <datafield tag="650" ind1="1" ind2="3">
    <subfield code="9">187529</subfield>
    <subfield code="a">Ozonizaci&#xF3;n</subfield>
  </datafield>
  <datafield tag="650" ind1="1" ind2="3">
    <subfield code="9">160470</subfield>
    <subfield code="a">Calidad microbiol&#xF3;gica  </subfield>
  </datafield>
  <datafield tag="650" ind1="1" ind2="3">
    <subfield code="9">139393</subfield>
    <subfield code="a">Propiedades fisicoqu&#xED;micas</subfield>
  </datafield>
  <datafield tag="650" ind1="1" ind2="3">
    <subfield code="9">137923</subfield>
    <subfield code="a">Valor nutritivo</subfield>
  </datafield>
  <datafield tag="650" ind1="1" ind2="3">
    <subfield code="9">187530</subfield>
    <subfield code="a">Ozonation</subfield>
  </datafield>
  <datafield tag="650" ind1="1" ind2="3">
    <subfield code="9">160472</subfield>
    <subfield code="a">Microbiological quality</subfield>
  </datafield>
  <datafield tag="650" ind1="1" ind2="3">
    <subfield code="9">147535</subfield>
    <subfield code="a">Physicochemical properties  </subfield>
  </datafield>
  <datafield tag="650" ind1="1" ind2="3">
    <subfield code="9">147443</subfield>
    <subfield code="a">Nutritive value  </subfield>
  </datafield>
  <datafield tag="700" ind1="1" ind2=" ">
    <subfield code="9">148339</subfield>
    <subfield code="a">Corrales Garc&#xED;a, Jos&#xE9; Joel Enrique</subfield>
    <subfield code="e">director</subfield>
  </datafield>
  <datafield tag="700" ind1="1" ind2=" ">
    <subfield code="9">163649</subfield>
    <subfield code="a">Ybarra Moncada, Ma. Carmen</subfield>
  </datafield>
  <datafield tag="700" ind1="1" ind2=" ">
    <subfield code="9">54513</subfield>
    <subfield code="a">Hern&#xE1;ndez Ramos, Lyzbeth</subfield>
    <subfield code="e">asesora</subfield>
  </datafield>
  <datafield tag="856" ind1="4" ind2="0">
    <subfield code="u">http://10.13.5.2/tesis/tm/1912736-8_ALEJANDRA_CRISTINA_CORONA_PEREZ.pdf</subfield>
    <subfield code="z">DESCARGAR PDF</subfield>
  </datafield>
  <datafield tag="942" ind1=" " ind2=" ">
    <subfield code="c">TD</subfield>
  </datafield>
  <datafield tag="999" ind1=" " ind2=" ">
    <subfield code="c">219003</subfield>
    <subfield code="d">219003</subfield>
  </datafield>
  <datafield tag="952" ind1=" " ind2=" ">
    <subfield code="0">0</subfield>
    <subfield code="1">0</subfield>
    <subfield code="2">local</subfield>
    <subfield code="4">0</subfield>
    <subfield code="7">0</subfield>
    <subfield code="8">TesDigM</subfield>
    <subfield code="a">IA_</subfield>
    <subfield code="b">IA_</subfield>
    <subfield code="c">E_L</subfield>
    <subfield code="d">2023-07-05</subfield>
    <subfield code="e">El autor</subfield>
    <subfield code="l">0</subfield>
    <subfield code="p">1201013722</subfield>
    <subfield code="r">2023-07-05 00:00:00</subfield>
    <subfield code="w">2023-07-05</subfield>
    <subfield code="y">TD</subfield>
  </datafield>
  <datafield tag="952" ind1=" " ind2=" ">
    <subfield code="0">0</subfield>
    <subfield code="1">0</subfield>
    <subfield code="2">local</subfield>
    <subfield code="4">0</subfield>
    <subfield code="5">1</subfield>
    <subfield code="7">0</subfield>
    <subfield code="8">TesDigM</subfield>
    <subfield code="a">BD</subfield>
    <subfield code="b">BD</subfield>
    <subfield code="c">E_L</subfield>
    <subfield code="d">2024-04-16</subfield>
    <subfield code="e">El autor</subfield>
    <subfield code="l">0</subfield>
    <subfield code="o">Tesis digital</subfield>
    <subfield code="p">1301013722</subfield>
    <subfield code="r">2024-04-16 00:00:00</subfield>
    <subfield code="w">2024-04-16</subfield>
    <subfield code="y">TD</subfield>
  </datafield>
</record>
